[Event "HUN-chT2 Toth 0809"]
[Site "Hungary"]
[Date "2009.02.08"]
[Round "7.5"]
[White "Danko, Matyas"]
[Black "Diamant, Tibor"]
[Result "0-1"]
[WhiteElo "2010"]
[BlackElo "2138"]
[PlyCount "122"]
[EventDate "2008.10.26"]
[EventType "tourn"]
[EventRounds "11"]
[EventCountry "HUN"]
[SourceTitle "EXT 2010"]
[Source "ChessBase"]
[SourceDate "2010.11.25"]
[SourceVersion "1"]
[SourceVersionDate "2010.11.25"]
[SourceQuality "1"]
[WhiteTeam "Takisz"]
[BlackTeam "Mako II"]
[WhiteTeamCountry "HUN"]
[BlackTeamCountry "HUN"]

1. e4 c5 2. Nf3 Nc6 3. Nc3 g6 4. d4 cxd4 5. Nxd4 Bg7 6. Be3 Nf6 7. Be2 0-0 8. 0-0 d5 9. exd5 Nb4 10. Qd2 Nbxd5 11. Nxd5 Nxd5 12. Bh6 e5 13. Bxg7 Kxg7 14. Nf3 Nf4 15. Qe3 f6 16. Rfe1 Qc7 17. c4 Be6 18. b3 b6 19. Rad1 Rad8 20. Rxd8 Rxd8 21. Rd1 Rxd1+ 22. Bxd1 Qd6 23. Be2 Bf5 24. Bf1 g5 25. h3 Ne6 26. g3 h6 27. Bg2 Qd1+ 28. Qe1 Qxe1+ 29. Nxe1 Bb1 30. Nf3 Bxa2 31. Nd2 Nc5 32. b4 Nd3 33. b5 Nc5 34. Bd5 Bb3 35. Kf1 Bc2 36. Ke2 f5 37. Nf3 Kf6 38. Kd2 Bd3 39. Ne1 e4 40. Ke3 Bb1 41. Kd4 h5 42. Ng2 Nd3 43. f3 Nc5 44. h4 exf3 45. Bxf3 Be4 46. hxg5+ Kxg5 47. Ke3 Bxf3 48. Kxf3 Ne6 49. Ne3 Nd4+ 50. Kf2 f4 51. Nd5 fxg3+ 52. Kxg3 Nf5+ 53. Kf3 Nd6 54. Nb4 Nxc4 55. Nc6 h4 56. Nxa7 Nd6 57. Kg2 Kg4 58. Kh2 h3 59. Kg1 Kg3 60. Kh1 h2 61. Nc8 Ne4 0-1